000 00337nam a22001457a 4500
003 OSt
005 20160727222410.0
008 160624b xxu||||| |||| 00| 0 eng d
040 _cTEST
100 _9960
_aWise, P.H
245 _aKnowing about Diabetes
260 _aD
_bRUPA CO
_c1983
300 _aKnowing about Diabetes
942 _2ddc
_cBK
999 _c764
_d764